000
00263nam a2200109Ia 4500
008
200302s9999 xx 000 0 und d
100
_a
Dominic Bradbury
245
_a
Mid-Century Modern Complete
260
_b
Thames and Hudson Ltd.
260
_c
1953
300
_a
544
999
_c
3711
_d
3711